Statistics for Football players who have played for Chelsea and Real Madrid

Click here to take the quiz!

General Stats

  • This quiz has been taken 1,388 times
    (831 since last reset)
  • The average score is 7 of 15

Answer Stats

Years at ChelseaYears at Real MadridPlayer% Correct
2012-20192019-presentEden Hazard
88%
2011-20182018-presentThibaut Courtois
71%
2018-2019 (loan), 2019-present2015-2019Mateo Kovačić
67%
2004-20072007-2009Arjen Robben
60%
2005-20142012-2013 (loan)Michael Essien
58%
2017-20192010-2014,2016-2017Alvaro Morata
58%
2003-20082000-2003Claude Makelele
54%
2004-20102010-2013Ricardo Carvalho
49%
2016-present2010Marcos Alonso
43%
2008-20121999-2000Nicolas Anelka
37%
2019 (loan)2007-2013Gonzalo Higuain
32%
2013-20141997-2000Samuel Eto'o
25%
2005-20072009-2012Lassana Diarra
22%
2003-20071999-2003Geremi Njitap
14%
2000-2001 (loan)1996-1999Christian Panucci
4%

Score Distribution

Percentile by Number Answered

Percent of People with Each Score

Your Score History

You have not taken this quiz since the last reset